LEADER 01724nam 2200445 a 450 001 9910700989203321 005 20110831075742.0 035 $a(CKB)5470000002413131 035 $a(OCoLC)748519522 035 $a(EXLCZ)995470000002413131 100 $a20110831d2011 ua 0 101 0 $aeng 135 $aurmn||||||||| 181 $ctxt$2rdacontent 182 $cc$2rdamedia 183 $acr$2rdacarrier 200 10$aSocial media$b[electronic resource] $efederal agencies need policies and procedures for managing and protecting information they access and disseminate : report to congressional requesters 210 1$a[Washington, D.C.] :$cU.S. Govt. Accountability Office,$d[2011] 215 $a1 online resource (iii, 84 pages) $cillustrations 300 $aTitle from PDF title screen (viewed Aug. 22, 2011). 300 $a"June 2011." 300 $a"GAO-11-605." 320 $aIncludes bibliographical references. 517 $aSocial media 606 $aSocial networks$xGovernment policy$zUnited States 606 $aAdministrative agencies$zUnited States$xRules and practice 606 $aBusiness networks$xGovernment policy$zUnited States 606 $aOnline social networks$xGovernment policy$zUnited States 606 $aGovernment information$zUnited States$xManagement 615 0$aSocial networks$xGovernment policy 615 0$aAdministrative agencies$xRules and practice. 615 0$aBusiness networks$xGovernment policy 615 0$aOnline social networks$xGovernment policy 615 0$aGovernment information$xManagement. 801 0$bGPO 801 1$bGPO 906 $aBOOK 912 $a9910700989203321 996 $aSocial media$91507660 997 $aUNINA